Elektronické bankovníctvo - inovatívny spôsob komunikácie banky so svojimi klientami

Možnosti komunikácie klienta s bankou. Aktívne a pasívne služby elektronického bankovníctva. Inovatívne bezpčenostné prvky využívané v elektronickom bankovníctve. Bezpečnostné prvky budúcnosti. Riziká elektronického bankovníctva. Elektronické bankovníctvo v podmienkach Slovenskej republiky.

Na minha lista:
Detalhes bibliográficos
Autor principal: Musa, Hussam
Outros Autores: Musová, Zdenka
Formato: Capítulo de Livro
Idioma:eslovaco
Assuntos:
Tags: Adicionar Tag
Sem tags, seja o primeiro a adicionar uma tag!

MARC

LEADER 00000naa a2200000 4500
001 0120598
005 20231116103150.6
041 0 |a slo 
044 |a SK 
245 1 0 |a Elektronické bankovníctvo - inovatívny spôsob komunikácie banky so svojimi klientami  |c Hussam Musa, Zdenka Musová 
520 |a Možnosti komunikácie klienta s bankou. Aktívne a pasívne služby elektronického bankovníctva. Inovatívne bezpčenostné prvky využívané v elektronickom bankovníctve. Bezpečnostné prvky budúcnosti. Riziká elektronického bankovníctva. Elektronické bankovníctvo v podmienkach Slovenskej republiky. 
610 2 0 |a bankovníctvo elektronické 
610 2 0 |a komunikácia elektronická 
610 2 0 |a technológie komunikačné 
610 2 0 |a bezpečnosť 
610 2 0 |a zabezpečenie technické 
610 2 0 |a Slovensko 
610 2 0 |a stratégia inovačná 
100 1 |a Musa, Hussam 
700 1 |a Musová, Zdenka